| 000 | 00684nam a22001817a 4500 | ||
|---|---|---|---|
| 005 | 20251215204817.0 | ||
| 008 | 251215b | r|fr|||| 00| 0 eng d | ||
| 040 |
_aCENDOC CAAAP _bspa _cCAAAP |
||
| 041 | _apor | ||
| 050 |
_aF 3429 _b.B23 |
||
| 100 | 1 |
_95721 _aBessa Freire, José R. |
|
| 245 | 1 |
_aAs Primeiras Imagens da Conquista / _cJosé R. Bessa Freire |
|
| 250 | _a1ra edición | ||
| 260 |
_aRío de Janeiro, Brasil : _bPrograma de Estudos dos Povos Indígenas da Sub, Reitoria para Assuntos Comunitários; _c1992 |
||
| 300 |
_a61 páginas ; _c22 x 16 cm |
||
| 650 | 0 |
_94 _aPueblos Indígenas _vColonización _xCrónicas indígenas _zAmérica del Sur |
|
| 942 |
_2lcc _bDD - MM - AA _cBK |
||
| 999 |
_c4266 _d4266 |
||